| 000 | 00412nam a2200181Ia 4500 | ||
|---|---|---|---|
| 001 | 15301 | ||
| 005 | 20260306170146.0 | ||
| 008 | 260306t2016||||xx |||||||||||||| ||und|| | ||
| 041 | _aESP | ||
| 082 |
_a531.12 _bH441 2016 |
||
| 100 |
_aHibbeler, R. C. _eAUT |
||
| 245 | 0 | _aIngeniería mecánica. Estática | |
| 260 | _c2016 | ||
| 300 |
_a _c |
||
| 650 | _aGEN | ||
| 654 | _aCCN | ||
| 942 |
_cLIB _dJUS _fJUS _2ddc _n |
||
| 999 |
_c15301 _d15301 |
||